| 000 | 00979nam a22002297a 4500 | ||
|---|---|---|---|
| 005 | 20100825122438.0 | ||
| 010 | _aENG-101303 | ||
| 020 |
_a9788184245646 _c900.00 |
||
| 035 | _aEN-84835 | ||
| 037 | _bDBAD/PUB | ||
| 082 | _a621.3821 | ||
| 100 |
_aAdvances in Recent Trends in Communication and Networks (January15-16, 2010 : Ashta) _916692 |
||
| 245 |
_aProceedings of National conference on advances in recent trends in communication and networks : _bARTCON 2010 / |
||
| 260 |
_bAllied Publishers _aNew Delhi _c2009 |
||
| 270 |
_bNew Delhi _aA-104 Mayapuri Phase II _e110064 |
||
| 300 |
_axxii, 275p.: _c28cm (Hb) _eb&w photos _bill. |
||
| 500 | _aIncludes index | ||
| 650 |
_aWireless communication systems _916693 |
||
| 650 |
_aIntegrated services digital networks _916694 |
||
| 942 |
_2ddc _cEN _h621.3821 _mPRO |
||
| 999 |
_c43062 _d43062 |
||